Financing Agreement Between The Government Of The Repulblic Of The Repulblic Of Ghana Acting Through Ministry Of Finance ( Borrower) And China shipbuilding Trading Co., Ltd ( Lenders) For Phase I Of 37 Millitary Hospital Expansion Project For Ministry Of defence 2022 (Record no. 2812)

MARC details
000 -LEADER
fixed length control field 00745nam a2200181Ia 4500
003 - CONTROL NUMBER IDENTIFIER
control field OSt
005 - DATE AND TIME OF LATEST TRANSACTION
control field 20250212101821.0
008 - FIXED-LENGTH DATA ELEMENTS--GENERAL INFORMATION
fixed length control field 240429s9999||||xx |||||||||||||| ||und||
041 ## - LANGUAGE CODE
Language code of text/sound track or separate title eng
082 ## - DEWEY DECIMAL CLASSIFICATION NUMBER
Classification number PM/MHEP/22 Acc. No. 5284
110 ## - MAIN ENTRY--CORPORATE NAME
Corporate name or jurisdiction name as entry element The Republic Of Ghana
245 #0 - TITLE STATEMENT
Title Financing Agreement Between The Government Of The Repulblic Of The Repulblic Of Ghana Acting Through Ministry Of Finance ( Borrower) And China shipbuilding Trading Co., Ltd ( Lenders) For Phase I Of 37 Millitary Hospital Expansion Project For Ministry Of defence 2022
260 ## - PUBLICATION, DISTRIBUTION, ETC.
Place of publication, distribution, etc. Accra :
Name of publisher, distributor, etc. Parliament Of Ghana,
Date of publication, distribution, etc. 2022.
300 ## - PHYSICAL DESCRIPTION
Extent 13p;tab
650 ## - SUBJECT ADDED ENTRY--TOPICAL TERM
Topical term or geographic name entry element 37Military Hospital Expansion Project For Ministry Of Defence -Phase I
942 ## - ADDED ENTRY ELEMENTS (KOHA)
Koha item type Agreements
Source of classification or shelving scheme Dewey Decimal Classification
Holdings
Withdrawn status Lost status Source of classification or shelving scheme Damaged status Not for loan Home library Current library Shelving location Date acquired Total checkouts Full call number Date last seen Copy number Price effective from Koha item type
    Dewey Decimal Classification     Main Library Main Library Open Shelves 09/03/2023   PM/MHEP/22 5284 C1 29/04/2024 1 29/04/2024 Agreements
    Dewey Decimal Classification     Main Library Main Library Open Shelves 12/02/2025   PM/MHEP/22 5284 C2 12/02/2025 2 12/02/2025 Agreements
    Dewey Decimal Classification     Main Library Main Library Open Shelves 12/02/2025   PM/MHEP/22 5284 C3 12/02/2025 3 12/02/2025 Agreements
    Dewey Decimal Classification     Main Library Main Library Open Shelves 12/02/2025   PM/MHEP/22 5284 C4 12/02/2025 4 12/02/2025 Agreements
©2026  Parliament of Ghana Library - All rights reserved